[Event "La Fere op 8th"]
[Site "La Fere"]
[Date "2009.07.11"]
[Round "9"]
[White "Siauve, Julien"]
[Black "Louis, Andre"]
[Result "1-0"]
[WhiteElo "1678"]
[BlackElo "1862"]
[PlyCount "111"]
[EventDate "2009.07.04"]
[EventType "swiss"]
[EventRounds "9"]
[EventCountry "FRA"]
[SourceTitle "CBM 131 Extra"]
[Source "ChessBase"]
[SourceDate "2009.09.03"]
[SourceVersion "2"]
[SourceVersionDate "2009.09.16"]
[SourceQuality "1"]

1. e4 c5 2. Nc3 Nc6 3. g3 g6 4. Bg2 Bg7 5. Nge2 e6 6. 0-0 Nge7 7. d3 0-0 8. Be3 d6 9. f4 b6 10. g4 d5 11. Bf2 d4 12. Nb1 f5 13. gxf5 exf5 14. Nd2 Qc7 15. Bg3 Be6 16. Kh1 Rad8 17. Ng1 b5 18. Ngf3 Kh8 19. Qe2 Nb4 20. Nb3 c4 21. Be1 a5 22. Bxb4 axb4 23. Nbd2 c3 24. Nb3 Nc6 25. e5 Bh6 26. Ng1 Na5 27. h4 Nxb3 28. axb3 Qe7 29. Qf2 Rc8 30. Rfb1 Rfd8 31. Ne2 Qc5 32. bxc3 bxc3 33. Ra5 Qb4 34. Ra2 Qc5 35. Kh2 Bd5 36. Bxd5 Qxd5 37. Qg2 Qxg2+ 38. Kxg2 Bg7 39. Kf3 h6 40. Rg1 Kh7 41. Ra6 Bf8 42. Rgxg6 Ra8 43. Ng3 Rxa6 44. Rxa6 b4 45. h5 Bc5 46. Nxf5 Rf8 47. Rxh6+ Kg8 48. Ke4 Ra8 49. Rg6+ Kh7 50. Nxd4 Ra1 51. Ne6 Re1+ 52. Kf5 Bf2 53. Ng5+ Kh8 54. h6 Bh4 55. Nf7+ Kh7 56. Rg7# 1-0

[Event "La Fere op 8th"]
[Site "La Fere"]
[Date "2009.07.10"]
[Round "8"]
[White "Louis, Andre"]
[Black "Da Ces, Philippe"]
[Result "0-1"]
[WhiteElo "1862"]
[BlackElo "2023"]
[PlyCount "64"]
[EventDate "2009.07.04"]
[EventType "swiss"]
[EventRounds "9"]
[EventCountry "FRA"]
[SourceTitle "CBM 131 Extra"]
[Source "ChessBase"]
[SourceDate "2009.09.03"]
[SourceVersion "2"]
[SourceVersionDate "2009.09.16"]
[SourceQuality "1"]

1. e4 d5 2. exd5 Qxd5 3. Nc3 Qa5 4. d4 Nf6 5. Nf3 Bf5 6. Bd2 e6 7. Bc4 c6 8. 0-0 Qc7 9. Re1 Nbd7 10. h3 Bd6 11. d5 Nb6 12. Bb3 cxd5 13. Nxd5 Nfxd5 14. Nh4 Bg6 15. c4 Nf6 16. Nxg6 hxg6 17. Bc3 0-0-0 18. Qf3 Qe7 19. a3 Rh4 20. Be5 Bxe5 21. Rxe5 Rhd4 22. Rc1 Rd3 23. Re3 Qd6 24. Rc3 Rxc3 25. Rxc3 Qd2 26. Bc2 Qc1+ 27. Kh2 Qxb2 28. Ba4 Qd2 29. Bc6 Qd6+ 30. g3 Qxc6 31. Qe3 Ng4+ 32. hxg4 Rh8+ 0-1

[Event "La Fere op 8th"]
[Site "La Fere"]
[Date "2009.07.04"]
[Round "1"]
[White "Lucas, Bernard"]
[Black "Louis, Andre"]
[Result "0-1"]
[WhiteElo "1709"]
[BlackElo "1862"]
[PlyCount "100"]
[EventDate "2009.07.04"]
[EventType "swiss"]
[EventRounds "9"]
[EventCountry "FRA"]
[SourceTitle "CBM 131 Extra"]
[Source "ChessBase"]
[SourceDate "2009.09.03"]
[SourceVersion "2"]
[SourceVersionDate "2009.09.16"]
[SourceQuality "1"]

1. e4 c5 2. c3 Nf6 3. e5 Nd5 4. d4 e6 5. Nf3 cxd4 6. cxd4 Nc6 7. Be2 Bb4+ 8. Bd2 d6 9. 0-0 0-0 10. Bxb4 Ncxb4 11. a3 Nc6 12. Qd2 dxe5 13. dxe5 Na5 14. Qg5 Qxg5 15. Nxg5 Nb3 16. Ra2 Nd4 17. b4 Bd7 18. Rd1 Nxe2+ 19. Rxe2 Rac8 20. Nf3 Ba4 21. Rc1 Rc7 22. h3 Rfc8 23. Kh2 Nf4 24. Re3 Nd5 25. Re4 Bc2 26. Rd4 Bxb1 27. Rxb1 Rc3 28. a4 Rc2 29. Rd2 h6 30. b5 b6 31. Ra1 Rxd2 32. Nxd2 Nb4 33. Nf3 Nd3 34. a5 Rc5 35. axb6 axb6 36. Ra8+ Kh7 37. Ra7 Nxe5 38. Nxe5 Rxe5 39. Rxf7 Rxb5 40. Rb7 Rb2 41. f3 Kg6 42. Kg3 b5 43. Rb6 Kf6 44. h4 b4 45. f4 h5 46. Rb5 g6 47. Kh3 b3 48. Kg3 Rb1 49. Kf3 b2 50. Kg3 Ke7 0-1

[Event "Champagne Ardenne op 5th"]
[Site "Champagne Ardenne"]
[Date "2009.05.01"]
[Round "1"]
[White "Biryukova, Alice"]
[Black "Louis, Andre"]
[Result "0-1"]
[WhiteElo "1412"]
[BlackElo "1883"]
[PlyCount "78"]
[EventDate "2009.05.01"]
[EventType "swiss"]
[EventRounds "7"]
[EventCountry "FRA"]
[SourceTitle "EXT 2010"]
[Source "ChessBase"]
[SourceDate "2010.11.25"]
[SourceVersion "1"]
[SourceVersionDate "2010.11.25"]
[SourceQuality "1"]

1. e4 c5 2. d4 cxd4 3. c3 dxc3 4. Nxc3 Nc6 5. Bc4 e6 6. Nf3 d6 7. 0-0 Nge7 8. Be3 Ng6 9. Re1 Be7 10. Qa4 0-0 11. Rad1 a6 12. Rd2 Qc7 13. Bd4 Nxd4 14. Nxd4 Bd7 15. Qb3 b5 16. Bd3 Rab8 17. a3 Ne5 18. Qd1 Nxd3 19. Rxd3 b4 20. Nce2 a5 21. Rg3 bxa3 22. bxa3 Bf6 23. Nf4 Be5 24. Qg4 Bxd4 25. e5 Bxe5 26. h3 f5 27. Qg5 Bc8 28. Qh4 Bxf4 29. Qxf4 e5 30. Qg5 f4 31. Rf3 a4 32. g3 Bb7 33. Rd3 e4 34. Rdd1 fxg3 35. fxg3 Qb6+ 36. Re3 Rf3 37. Rde1 Rxe3 38. Qxe3 Qxe3+ 39. Rxe3 d5 0-1